[Event "Tourn. n9922"]
[Site "www.echecsemail.com"]
[Date "2018.09.04"]
[Round "1"]
[White "Cathar"]
[Black "Rons"]
[WhiteElo "2370"]
[BlackElo "2630"]
[Result "0-1"]
[Round "1"]
1.e4 c5
2.Ng1f3 d6
3.d4 cxd4
4.Qd1xd4 Nb8c6
5.Bf1b5 Bc8d7
6.Bb5xc6 Bd7xc6
7.Nb1c3 Ng8f6
8.Bc1g5 e6
9.O-O-O Bf8e7
10.Rh1e1 O-O
11.Qd4d2 Qd8c7
12.Nf3d4 Rf8d8
13.f3 Ra8b8
14.g4 b5
15.Nc3e2 Bc6a8
16.Ne2g3 b4
17.Ng3h5 Nf6e8
18.Bg5xe7 Qc7xe7
19.f4 g6
20.Nh5g3 e5
21.Nd4e2 Ne8f6
{ resign }
0-1

[Event "Tourn. n9891"]
[Site "www.echecsemail.com"]
[Date "2018.09.04"]
[Round "1"]
[White "Luban"]
[Black "Bojan"]
[WhiteElo "2040"]
[BlackElo "2010"]
[Result "1-0"]
[Round "1"]
1.d4 e6
2.c4 c5
3.e3 d5
4.Ng1f3 dxc4
5.Bf1xc4 a6
6.Nb1c3 Bc8d7
7.O-O b5
8.Bc4d3 c4
9.Bd3e4 Ra8a7
10.Nf3e5 Bd7c8
11.Qd1f3 Qd8c7
12.h3 Ng8f6
13.Be4c6 Nb8xc6
14.Qf3xc6 Qc7xc6
15.Ne5xc6 Ra7c7
16.Nc6e5 Bf8d6
17.Ne5f3 Bc8b7
18.Rf1e1 Bb7xf3
19.gxf3 b4
20.Nc3e4 Nf6xe4
21.fxe4 Ke7
22.e5 Bd6xe5
23.dxe5 Rc7c5
24.f4 Rh8d8
25.e4 c3
26.bxc3 Rc5xc3
27.Bc1e3 Rc3c2
28.Ra1c1 Rd8c8
29.Rc1xc2 Rc8xc2
30.Re1d1 a5
31.Rd1d2 Rc2c3
32.Kf2 a4
33.Rd2b2 Rc3c4
34.Kf3 g6
35.Be3d2 b3
36.axb3 axb3
37.Rb2xb3 Rc4c7
38.Bd2b4 Kd7
39.Bb4d6 Rc7a7
40.Kg4 { resign }
1-0

[Event "Match"]
[Site "www.echecsemail.com"]
[Date "2018.09.04"]
[Round "1"]
[White "Aiko1603"]
[Black "J1j6"]
[WhiteElo "2140"]
[BlackElo "1920"]
[Result "0-1"]
[Round "1"]
1.c4 f5
2.Nb1c3 Ng8f6
3.g3 Nb8c6
4.Bf1g2 d6
5.d3 e5
6.Ng1f3 Bc8e6
7.Bc1g5 Bf8e7
8.O-O Nf6g4
9.Bg5xe7 Qd8xe7
10.h3 Ng4f6
11.Nf3g5 Be6d7
12.Ng5f3 O-O
13.Nf3d2 a6
14.f4 exf4
15.Rf1xf4 Nf6h5
16.Bg2d5 Kh8
17.Rf4f3 Nc6d4
18.Rf3f2 Nh5xg3
19.Kh2 Qe7e5
20.Kg2 c6
21.Nd2f3 Qe5f4
22.Nf3xd4 Qf4xd4
23.Kxg3 cxd5
24.cxd5 f4
25.Kg2 Bd7xh3
26.Kg1 Rf8f5
27.Nc3e4 Qd4xd5
28.Qd1d2 Qd5d4
29.Qd2c3 Qd4e3
30.Qc3c1 Qe3d4
31.Qc1c3 Qd4b6
32.d4 d5
33.Qc3xh3 Ra8f8
34.Ne4c3 Qb6xd4
35.Ra1d1 Rf5g5
36.Kf1 Qd4c4
37.Nc3xd5 Rg5xd5
38.Rd1xd5 Qc4xd5
39.b3 Qd5e4
40.a4 Rf8d8
41.Rf2f3 Rd8d1
42.Kf2 Qe4d4
43.Kg2 Qd4g1

0-1

[Event "Tourn. n9927"]
[Site "www.echecsemail.com"]
[Date "2018.09.04"]
[Round "1"]
[White "Joskomol"]
[Black "Fantomas"]
[WhiteElo "2290"]
[BlackElo "2100"]
[Result "1/2-1/2"]
[Round "1"]
1.e4 d5
2.exd5 Qd8xd5
3.Nb1c3 Qd5d8
4.Ng1f3 Bc8g4
5.h3 Bg4f5
6.g4 Bf5e6
7.d4 c6
8.Bf1g2 h6
9.O-O g5
10.b3 Bf8g7
11.Rf1e1 Ng8f6
12.Bc1e3 O-O
13.Nc3a4 { draw }
1/2-1/2

[Event "Tourn. n9900"]
[Site "www.echecsemail.com"]
[Date "2018.09.04"]
[Round "1"]
[White "Cal"]
[Black "Roque1"]
[WhiteElo "1750"]
[BlackElo "1680"]
[Result "0-1"]
[Round "1"]
1.c4 e6
2.a3 g6
3.Nb1c3 Bf8g7
4.e4 d6
5.d4 Ng8f6
6.Ng1f3 O-O
7.h3 Nb8c6
8.Bf1d3 Bc8d7
9.b4 a6
10.Bc1g5 Nc6a7
11.O-O c6
12.e5 dxe5
13.dxe5 b5
14.cxb5 cxb5
15.exf6 Bg7xf6
16.Bg5f4 Bf6xc3
17.Ra1a2 Na7c6
18.Qd1c2 Qd8f6
19.Bf4d6 Rf8c8
20.Bd3e4 Ra8a7
21.Rf1d1 Bc3xb4
22.Bd6xb4 Nc6xb4
23.axb4 Rc8xc2
24.Ra2xc2 Qf6f4
25.Rd1d4 e5
26.g3 Qf4f6
27.Rd4d5 Bd7xh3
28.Rd5xe5 Qf6d6
29.Re5e8 Kg7
30.Rc2d2 Qd6xb4
31.Rd2d4 Qb4a3
32.Nf3g5 Qa3c1
33.Kh2 Qc1xg5
34.Be4f3 Bh3f5
35.Rd4d8 Ra7c7
36.Re8g8 Kf6
37.Rd8d6 Bf5e6
38.Rd6d4 Rc7d7
39.Rd4f4 Be6f5
40.Bf3e4 Rd7d4
41.f3 Qg5h6
42.Kg2 Rd4d2
43.Kg1 Qh6h2
44.Kf1 Qh2h1

0-1

[Event "Match"]
[Site "www.echecsemail.com"]
[Date "2018.09.04"]
[Round "1"]
[White "Guillaumefi"]
[Black "Karlgrocer"]
[WhiteElo "1780"]
[BlackElo "1970"]
[Result "0-1"]
[Round "1"]
1.c4 Ng8f6
2.d4 e6
3.Nb1c3 Bf8e7
4.g3 O-O
5.Bf1g2 a6
6.b3 d6
7.Bc1g5 Bc8d7
8.Ng1f3 c5
9.d5 e5
10.e4 Nf6xd5
11.Bg5xe7 Nd5xe7
12.Qd1xd6 Ne7c6
13.Nf3xe5 Nc6xe5
14.Qd6xe5 b6
15.O-O-O Nb8c6
16.Qe5d5 Bd7g4
17.f3 Bg4h5
18.Qd5xh5 Nc6d4
19.Rh1e1 Ra8b8
20.Qh5d5 Qd8f6
21.Kb2 Rf8d8
22.e5 Qf6g6
23.Qd5e4 Qg6h6
24.h3 g6
25.Qe4f4 Qh6xf4
26.gxf4 Kg7
27.h4 h5
28.Nc3e4 a5
29.a4 Rd8d7
30.Ne4f6 Rd7d8
31.Nf6d5 Nd4f5
32.Nd5f6 Nf5xh4
33.Bg2h1 Nh4f5
34.Nf6d5 Rd8h8
35.Rd1d3 h4
36.Bh1g2 h3
 { time }
0-1

[Event "Match"]
[Site "www.echecsemail.com"]
[Date "2018.09.04"]
[Round "1"]
[White "Pablincho"]
[Black "Roque1"]
[WhiteElo "1950"]
[BlackElo "1760"]
[Result "0-1"]
[Round "1"]
1.e4 c5
2.Bf1c4 e6
3.Nb1c3 Nb8c6
4.Ng1f3 Ng8f6
5.d3 Bf8e7
6.h3 O-O
7.O-O Qd8c7
8.a3 a6
9.Nf3d2 b5
10.Bc4a2 Nc6d4
11.Nc3e2 d5
 { time }
0-1

[Event "Match"]
[Site "www.echecsemail.com"]
[Date "2018.09.04"]
[Round "1"]
[White "Gimmyg"]
[Black "Lcbunghai"]
[WhiteElo "2540"]
[BlackElo "2180"]
[Result "1-0"]
[Round "1"]
1.Nb1c3 d5
2.e4 d4
3.Nc3e2 e5
4.Ne2g3 Ng8f6
5.Bf1c4 Bf8d6
6.Ng1f3 Nb8c6
7.O-O O-O
8.d3 a6
9.a3 Nc6e7
10.c3 b5
11.cxd4 bxc4
12.dxe5 Bd6xe5
13.Nf3xe5 cxd3
14.Qd1xd3 Qd8xd3
15.Ne5xd3 Rf8d8
16.Rf1d1 Ne7g6
17.Bc1g5 h6
18.Bg5xf6 gxf6
19.Ra1c1 Ra8a7
20.Nd3b4 Rd8xd1
21.Rc1xd1 Bc8e6
22.Rd1d8 Kg7
23.Ng3h5 Kh7
24.Nh5xf6 Kg7
25.Nf6h5 Kh7
26.f4 f5
27.Nb4c6 Ra7b7
28.Nc6d4 { resign }
1-0

[Event "Match"]
[Site "www.echecsemail.com"]
[Date "2018.09.04"]
[Round "1"]
[White "Calponas"]
[Black "Alessiov"]
[WhiteElo "2090"]
[BlackElo "2260"]
[Result "0-1"]
[Round "1"]
1.e4 e5
2.Ng1f3 Nb8c6
3.Bf1b5 a6
4.Bb5a4 Ng8f6
5.O-O Bf8e7
6.Rf1e1 b5
7.Ba4b3 O-O
8.h3 Bc8b7
9.c3 d5
10.exd5 Nf6xd5
11.d4 exd4
12.cxd4 Nc6a5
13.Nb1c3 Nd5b4
14.Bc1f4 Na5xb3
15.axb3 Bb7xf3
16.gxf3 Be7d6
17.Bf4g3 f5
18.f4 Qd8f6
19.Ra1c1 Qf6h6
20.Kg2 Bd6xf4
21.Bg3xf4 Qh6xf4
22.Qd1f3 Qf4xf3
23.Kxf3 Nb4d3
{ resign }
0-1

[Event "Match"]
[Site "www.echecsemail.com"]
[Date "2018.09.04"]
[Round "1"]
[White "J1j6"]
[Black "Whitekknight"]
[WhiteElo "1870"]
[BlackElo "1830"]
[Result "1/2-1/2"]
[Round "1"]
1.d4 d5
2.Ng1f3 Nb8c6
3.Nb1c3 Ng8f6
4.Bc1f4 a6
5.g3 Bc8f5
6.e3 Nc6b4
7.Bf1d3 Bf5g4
8.a3 Bg4xf3
9.Qd1xf3 Nb4xd3
10.cxd3 e6
11.Bf4e5 Bf8e7
12.Qf3f4 Be7d6
13.Be5xd6 cxd6
14.e4 dxe4
15.dxe4 O-O
16.O-O Ra8c8
17.f3 d5
18.e5 Nf6e8
19.Ra1c1 f6
20.exf6 Rf8xf6
21.Qf4e5 Qd8d7
22.f4 Rf6f5
23.Qe5e3 { draw }
1/2-1/2

[Event "Tourn. n9894"]
[Site "www.echecsemail.com"]
[Date "2018.09.04"]
[Round "1"]
[White "Pariolinius"]
[Black "Julian"]
[WhiteElo "1750"]
[BlackElo "1800"]
[Result "1-0"]
[Round "1"]
1.c4 d6
2.Nb1c3 e5
3.g3 Bc8e6
4.d3 c6
5.Bf1g2 Ng8f6
6.Ng1f3 Nb8d7
7.O-O Bf8e7
8.Nf3g5 O-O
9.Ng5xe6 fxe6
10.Bc1d2 d5
11.b3 Qd8c7
12.Ra1c1 Ra8d8
13.e4 Be7a3
14.Rc1b1 dxc4
15.bxc4 Nd7c5
16.Bd2e3 Rd8xd3
17.Qd1c2 Rf8d8
18.Be3xc5 Ba3xc5
19.Bg2h3 Kf7
20.Rf1d1 Rd3xd1
21.Rb1xd1 Rd8xd1
22.Qc2xd1 Bc5d4
23.Qd1c2 Bd4xc3
24.Qc2xc3 Nf6xe4
25.Qc3b3 Qc7b6
{ time. }
1-0

[Event "Match"]
[Site "www.echecsemail.com"]
[Date "2018.09.04"]
[Round "1"]
[White "Chapi"]
[Black "Apdash"]
[WhiteElo "2100"]
[BlackElo "2100"]
[Result "0-1"]
[Round "1"]
1.d4 d5
2.c4 e6
3.Nb1c3 Ng8f6
4.cxd5 exd5
5.Ng1f3 Nb8c6
6.Bc1g5 Bf8e7
7.g3 O-O
8.Bf1g2 Nf6e4
9.Bg5xe7 Nc6xe7
10.Nf3e5 f6
11.Ne5d3 Ne4xc3
12.bxc3 c6
13.O-O Bc8g4
14.f3 Bg4f5
15.e4 Bf5g6
16.Nd3f4 Bg6f7
17.a4 Ra8c8
18.Bg2h3 Rc8b8
19.Nf4e6 Bf7xe6
20.Bh3xe6 Kh8
21.c4 dxc4
22.Be6xc4 Qd8b6
23.Kg2 Rf8d8
24.d5 cxd5
25.exd5 Qb6c5
26.Qd1b3 Rd8d6
27.Rf1e1 Ne7xd5
28.Bc4xd5 Rd6xd5
29.Ra1c1 Rd5d2
30.Kh1 Qc5f2
{ resign }
0-1

[Event "Match"]
[Site "www.echecsemail.com"]
[Date "2018.09.04"]
[Round "1"]
[White "Eeze"]
[Black "J1j6"]
[WhiteElo "1900"]
[BlackElo "1920"]
[Result "0-1"]
[Round "1"]
1.e4 d6
2.d4 e5
3.d5 Ng8f6
4.Bf1d3 a6
5.h3 c6
6.dxc6 bxc6
7.Ng1f3 Bc8b7
8.Bc1g5 Nb8d7
9.O-O Bf8e7
10.Nb1d2 Qd8b6
11.Nd2c4 Qb6c7
12.Nf3d2 O-O
13.Bg5xf6 Be7xf6
14.f4 exf4
15.c3 d5
16.exd5 cxd5
17.Nc4a3 Nd7c5
18.Bd3e2 Bf6e5
19.Nd2f3 Nc5e4
20.Nf3xe5 Qc7xe5
21.Be2f3 Ne4g3
22.Rf1e1 Qe5g5
23.Qd1d4 Ra8d8
24.Re1e5 Qg5h4
25.Ra1e1 Ng3f5
26.Qd4f2 Qh4g5
27.Na3c2 f6
28.Re5e6 Nf5g3
29.Nc2d4 Ng3e4
 { time }
0-1

[Event "Match"]
[Site "www.echecsemail.com"]
[Date "2018.09.04"]
[Round "1"]
[White "Joskomol"]
[Black "J1j6"]
[WhiteElo "2240"]
[BlackElo "1950"]
[Result "1/2-1/2"]
[Round "1"]
1.e4 e5
2.Ng1f3 Nb8c6
3.d3 Ng8f6
4.Bf1e2 d6
5.O-O Bf8e7
6.c4 Bc8e6
7.Nb1c3 g6
8.Bc1e3 b6
9.Nc3d5 h5
10.b4 Be6xd5
11.cxd5 Nc6b8
12.Qd1c2 Nb8d7
13.d4 Ra8c8
14.a3 Nf6g4
15.Be3c1 { draw }
1/2-1/2

[Event "Tourn. n9905"]
[Site "www.echecsemail.com"]
[Date "2018.09.04"]
[Round "1"]
[White "Gidgud"]
[Black "Cathar"]
[WhiteElo "2360"]
[BlackElo "2420"]
[Result "1-0"]
[Round "1"]
1.e4 e6
2.d4 d5
3.Nb1c3 Bf8b4
4.e5 c5
5.a3 Bb4xc3
6.bxc3 Ng8e7
7.Ng1f3 Bc8d7
8.Ra1b1 Qd8c7
9.Bf1e2 Bd7a4
10.Be2b5 Ba4xb5
11.Rb1xb5 Nb8d7
12.O-O Ra8c8
13.a4 b6
14.Nf3e1 O-O
15.Bc1a3 Rf8e8
16.f4 cxd4
17.cxd4 Qc7c4
18.Rb5b4 Qc4c3
19.Rf1f3 Qc3c7
20.g4 Ne7c6
21.Rb4b3 f6
22.Rf3h3 fxe5
23.fxe5 Nd7f8
24.g5 Nc6e7
25.Ba3d6 Qc7d7
26.Rb3a3 Ne7g6
27.Qd1g4 Rc8c4
28.a5 b5
29.Rh3f3 Ng6h8
30.h4 Nh8f7
31.Bd6c5 a6
32.Qg4g3 Qd7c7
33.Qg3f2 Nf8g6
34.Rf3xf7 Qc7xf7
35.Ra3f3 Qf7d7
36.h5 Ng6e7
37.Rf3f7 Rc4xc5
38.h6 Rc5c3
39.Rf7xg7 { resign }
1-0

[Event "Tourn. n9906"]
[Site "www.echecsemail.com"]
[Date "2018.09.04"]
[Round "1"]
[White "Cathar"]
[Black "Rons"]
[WhiteElo "2420"]
[BlackElo "2630"]
[Result "0-1"]
[Round "1"]
1.d4 Ng8f6
2.c4 e6
3.Nb1c3 Bf8b4
4.a3 Bb4xc3
5.bxc3 c5
6.e3 Nb8c6
7.Bf1d3 O-O
8.Ng1e2 e5
9.O-O Rf8e8
10.Ne2g3 b6
11.d5 e4
12.Ng3xe4 Nf6xe4
13.dxc6 Ne4f6
14.Qd1c2 dxc6
15.e4 Qd8e7
16.Bc1g5 h6
17.Bg5h4 g5
18.Bh4g3 Nf6h5
19.f4 Bc8g4
20.Ra1e1 Nh5xg3
21.hxg3 gxf4
22.Rf1xf4 Qe7g5
23.e5 Ra8d8
24.Bd3f5 Bg4xf5
25.Rf4xf5 Qg5xg3
26.Re1f1 Qg3e3
27.Kh1 Rd8d2
28.Qc2c1 Qe3e2
29.Rf5f2 Qe2h5
30.Kg1 Rd2xf2
31.Rf1xf2 Qh5xe5
32.Qc1xh6 Qe5e1
33.Rf2f1 Qe1e3
{ resign }
0-1

[Event "Tourn. n9927"]
[Site "www.echecsemail.com"]
[Date "2018.09.04"]
[Round "1"]
[White "Apdash"]
[Black "Joskomol"]
[WhiteElo "2160"]
[BlackElo "2290"]
[Result "1/2-1/2"]
[Round "1"]
1.e4 e6
2.d4 d5
3.exd5 exd5
4.Ng1f3 Ng8f6
5.c4 Bf8b4
6.Bc1d2 h5
7.a3 Bb4d6
8.c5 Bd6e7
{ draw }
1/2-1/2

[Event "Tourn. n9927"]
[Site "www.echecsemail.com"]
[Date "2018.09.04"]
[Round "1"]
[White "Tevere"]
[Black "Orhany24"]
[WhiteElo "2160"]
[BlackElo "2070"]
[Result "1-0"]
[Round "1"]
1.d4 d5
2.c4 Bc8f5
3.Qd1b3 b6
4.cxd5 Ng8f6
5.f3 Nb8d7
6.e4 Bf5g6
7.e5 Nf6g8
8.Bf1b5 Ng8h6
9.e6 { resign }
1-0

[Event "Match"]
[Site "www.echecsemail.com"]
[Date "2018.09.04"]
[Round "1"]
[White "J1j6"]
[Black "Darknight"]
[WhiteElo "1930"]
[BlackElo "1970"]
[Result "1-0"]
[Round "1"]
1.e4 e5
2.Ng1f3 d6
3.Bf1c4 h6
4.d4 exd4
5.Qd1xd4 c5
6.Qd4d5 Qd8e7
7.O-O a6
8.Bc1f4 Ng8f6
9.Qd5d3 Qe7c7
10.e5 Nf6d7
11.Rf1e1 dxe5
12.Nf3xe5 Nd7xe5
13.Bf4xe5 Bc8e6
14.Be5xc7 Nb8c6
15.Bc4xe6 fxe6
16.Re1xe6 Bf8e7
17.Qd3g6 Kd7
18.Bc7g3 Nc6d4
19.Re6e5 Rh8g8
20.Nb1c3 Be7f6
21.Re5d5 Kc6
22.Qg6f7 Rg8f8
23.Qf7c7 
1-0

[Event "Tourn. n9917"]
[Site "www.echecsemail.com"]
[Date "2018.09.04"]
[Round "1"]
[White "Coolant"]
[Black "Joskomol"]
[WhiteElo "2350"]
[BlackElo "2240"]
[Result "1/2-1/2"]
[Round "1"]
1.f4 d5
2.Ng1f3 Ng8f6
3.d4 e6
4.e3 Bc8d7
5.Bf1d3 Bf8e7
6.Nb1d2 O-O
7.O-O c5
8.c3 Nb8c6
9.Qd1e2 b6
10.Nf3e5 Ra8c8
11.g4 Nc6xe5
12.fxe5 Nf6e8
13.Nd2f3 g6
{ draw }
1/2-1/2

[Event "Tourn. n9878"]
[Site "www.echecsemail.com"]
[Date "2018.09.05"]
[Round "1"]
[White "Passaroa25"]
[Black "Joskomol"]
[WhiteElo "1690"]
[BlackElo "1809"]
[Result "1/2-1/2"]
[Round "1"]
1.Ng1f3 Ng8f6
2.Nb1c3 d5
3.d4 e6
4.e3 Bf8e7
5.Nf3e5 O-O
6.f3 c5
7.Nc3e2 Nb8c6
8.c3 Bc8d7
9.Ne2g3 Bd7e8
10.Bf1e2 Nc6xe5
11.dxe5 Nf6d7
12.O-O Nd7xe5
13.f4 Ne5c6
14.Bc1d2 f5
15.b3 Qd8d7
16.Qd1c2 Be8g6
17.Be2f3 Ra8d8
18.a4 e5
19.Qc2b2 e4
20.Bf3d1 d4
21.exd4 cxd4
22.c4 e3
23.Bd2e1 Nc6b8
{ draw }
1/2-1/2

[Event "Tourn. n9854"]
[Site "www.echecsemail.com"]
[Date "2018.09.05"]
[Round "1"]
[White "Yakke"]
[Black "Ztornad"]
[WhiteElo "1770"]
[BlackElo "1690"]
[Result "0-1"]
[Round "1"]
1.e4 e5
2.Ng1f3 d6
3.Nb1c3 Ng8f6
4.h3 Nf6h5
5.d4 Bf8e7
6.d5 Bc8d7
7.Bf1e2 g6
8.Bc1e3 a6
9.a3 Nh5f4
10.Be3xf4 exf4
11.Qd1d2 g5
12.O-O-O Be7f6
13.e5 dxe5
14.Nc3e4 Bf6g7
15.Nf3xg5 O-O
16.Qd2d3 h6
17.Be2f3 hxg5
18.Ne4xg5 Qd8xg5
19.d6 c6
20.h4 Qg5h6
21.Qd3b3 Bd7e6
22.Qb3xb7 Nb8d7
23.Bf3xc6 Ra8b8
24.Qb7xa6 Be6a2
25.Bc6xd7 e4
26.Bd7c6 Bg7xb2
27.Kd2 Qh6xd6
28.Ke2 f3
29.gxf3 exf3
30.Ke1 Bb2c3
31.Kf1 Qd6xd1

0-1

[Event "Tourn. n9869"]
[Site "www.echecsemail.com"]
[Date "2018.09.05"]
[Round "1"]
[White "Falcoale"]
[Black "Passaroa25"]
[WhiteElo "1870"]
[BlackElo "1670"]
[Result "1-0"]
[Round "1"]
1.e4 Nb8c6
2.d4 Ng8f6
3.Nb1c3 d6
4.Ng1f3 a6
5.a3 Bc8d7
6.d5 Nc6e5
7.Nf3xe5 dxe5
8.Bf1d3 Bd7g4
9.f3 Bg4d7
10.O-O e6
11.f4 exf4
12.Bc1xf4 c6
13.Bf4g5 Bf8e7
14.Kh1 Qd8c7
15.Qd1e1 O-O-O
16.e5 Rd8e8
17.d6 Be7xd6
18.exd6 Qc7xd6
19.Nc3a4 Nf6d5
20.Rf1xf7 g6
21.Ra1d1 b5
22.Na4c3 Nd5xc3
23.Qe1xc3 Re8f8
24.Bg5f4 Qd6d5
25.Bd3e2 Qd5xd1
26.Be2xd1 Rh8g8
27.Qc3e5 Kd8
28.Qe5c7 { resign }
1-0

[Event "Tourn. n9860"]
[Site "www.echecsemail.com"]
[Date "2018.09.05"]
[Round "1"]
[White "Piekki"]
[Black "Ssharp"]
[WhiteElo "2280"]
[BlackElo "2200"]
[Result "0-1"]
[Round "1"]
1.e4 e6
2.d4 d5
3.Nb1c3 Bf8b4
4.e5 c5
5.a3 Bb4xc3
6.bxc3 Ng8e7
7.Ng1f3 h6
8.a4 O-O
9.g4 Nb8c6
10.g5 h5
11.Rh1g1 g6
12.Bf1d3 c4
13.Bd3e2 Ne7f5
14.Nf3d2 Qd8a5
15.Ra1a3 Bc8d7
16.Nd2f1 Kg7
17.Bc1d2 Ra8d8
18.Nf1g3 Nf5xg3
19.Rg1xg3 Nc6e7
20.Be2f1 Bd7xa4
21.Qd1a1 b5
22.Bf1h3 Qa5b6
23.f4 Ne7c6
24.Kf2 Ba4xc2
25.f5 exf5
26.e6 fxe6
27.Bd2f4 a5
28.Rg3e3 Rf8e8
29.Qa1e1 Kf7
30.Kg1 a4
31.Qe1g3 Rd8d7
32.Ra3a1 Re8a8
33.Ra1e1 Bc2e4
34.Bh3g2 a3
35.Bg2xe4 dxe4
{ resign }
0-1

[Event "Match"]
[Site "www.echecsemail.com"]
[Date "2018.09.05"]
[Round "1"]
[White "J1j6"]
[Black "Cal"]
[WhiteElo "1840"]
[BlackElo "1780"]
[Result "1-0"]
[Round "1"]
1.e4 e5
2.Ng1f3 d6
3.Bf1c4 h6
4.O-O Ng8f6
5.Nb1c3 c6
6.d4 exd4
7.Nf3xd4 c5
8.Nd4f3 Bc8g4
9.Nc3d5 Nf6xe4
10.Rf1e1 Nb8c6
11.Re1xe4 Nc6e5
12.Bc1f4 a6
13.Bf4xe5 Bg4xf3
14.Qd1xf3 b5
15.Bc4e2 Bf8e7
16.Be5xg7 Rh8g8
17.Nd5xe7 Kd7
18.Qf3f5 Kc7
19.Ne7xg8 Qd8xg8
20.Re4e7 Kb6
21.Re7xf7 Ra8d8
22.Ra1d1 Qg8e8
23.Be2h5 Qe8c6
24.Bg7xh6 Rd8g8
25.g3 Rg8d8
26.Rf7f6 Ka5
27.a3 b4
28.axb4 Kxb4
29.Bh5f7 Qc6b5
30.Bh6d2 Ka4
31.Rd1a1 
1-0

[Event "Match"]
[Site "www.echecsemail.com"]
[Date "2018.09.05"]
[Round "1"]
[White "Add"]
[Black "Lcbunghai"]
[WhiteElo "2240"]
[BlackElo "2180"]
[Result "1/2-1/2"]
[Round "1"]
1.e4 c6
2.d4 d5
3.e5 Bc8f5
4.h3 e6
5.Bf1d3 Nb8d7
6.Bd3xf5 exf5
7.a3 c5
8.c3 Qd8b6
9.b4 cxb4
10.axb4 Ng8e7
11.Qd1d3 g6
12.Ng1e2 Bf8g7
13.Bc1g5 Ne7c8
14.f4 O-O
15.Qd3f3 Qb6c6
16.Nb1d2 Nd7b6
17.O-O Nb6c4
18.Nd2xc4 Qc6xc4
19.Ra1a5 b5
20.Rf1a1 h6
21.Bg5h4 Rf8e8
22.Ra5a6 Re8e6
23.Ra6xe6 fxe6
24.Bh4d8 a6
25.Bd8h4 Nc8b6
26.Ne2c1 Nb6a4
27.Bh4e1 a5
28.bxa5 Ra8xa5
29.Qf3g3 Kh7
30.Qg3d3 Ra5a6
31.Qd3xc4 bxc4
32.Nc1e2 Na4c5
33.Ra1xa6 Nc5xa6
34.g4 Bg7f8
35.gxf5 gxf5
36.Ne2c1 { draw }
1/2-1/2

[Event "Match"]
[Site "www.echecsemail.com"]
[Date "2018.09.05"]
[Round "1"]
[White "Apdash"]
[Black "Cal"]
[WhiteElo "2110"]
[BlackElo "1760"]
[Result "1-0"]
[Round "1"]
1.d4 d5
2.c4 dxc4
3.Nb1c3 e6
4.e4 Bf8b4
5.Bf1xc4 c6
6.a3 Bb4a5
7.Ng1f3 Ba5xc3
8.bxc3 h6
9.O-O Ng8f6
10.Rf1e1 Nb8d7
11.d5 cxd5
12.exd5 Nd7c5
13.Bc1e3 Nc5e4
14.Qd1b3 O-O
15.dxe6 fxe6
16.Bc4xe6 Bc8xe6
17.Qb3xe6 Kh8
18.Nf3e5 Qd8a5
19.Ne5g6 Kh7
20.Ng6xf8 Ra8xf8
21.Be3d4 Ne4xc3
22.Qe6b3 Nf6d5
23.Qb3xb7 Qa5c7
24.Qb7xc7 Nd5xc7
25.Bd4xc3 Nc7d5
26.Bc3b4 Rf8f7
27.Ra1d1 Nd5f4
28.Re1e7 Rf7xe7
29.Bb4xe7 Nf4e2
30.Kf1 Ne2c3
31.Rd1d7 a5
32.Be7f8 Kg8
33.Bf8xg7 h5
34.Bg7xc3 a4
35.Ke2 { resign }
1-0

[Event "Match"]
[Site "www.echecsemail.com"]
[Date "2018.09.05"]
[Round "1"]
[White "Caspito"]
[Black "Minorsana"]
[WhiteElo "1890"]
[BlackElo "1459"]
[Result "0-1"]
[Round "1"]
1.e4 e5
2.Ng1e2 Bf8c5
3.d4 exd4
4.Ne2xd4 Ng8f6
5.Bc1g5 h6
6.Bg5h4 g5
7.Bh4g3 Nf6xe4
8.Qd1f3 Ne4xg3
9.Qf3xg3 Bc5xd4
10.Nb1c3 Nb8c6
11.Bf1e2 Bd4e5
12.Qg3g4 d6
13.Qg4h5 Bc8f5
14.Nc3d5 Nc6d4
15.Be2d3 Bf5xd3
16.cxd3 Nd4c2
17.Ke2 Nc2xa1
18.Rh1xa1 c6
19.Nd5e3 Be5xb2
20.Ra1b1 Qd8f6
21.Ne3c4 Bb2d4
22.f3 b5
23.Nc4a5 Qf6e6
24.Kd2 Qe6xa2
{ resign }
0-1

[Event "Tourn. n9822"]
[Site "www.echecsemail.com"]
[Date "2018.09.05"]
[Round "1"]
[White "Alvarin111"]
[Black "Ditto"]
[WhiteElo "1820"]
[BlackElo "1820"]
[Result "0-1"]
[Round "1"]
1.e4 e5
2.Ng1f3 Nb8c6
3.Bf1c4 Ng8f6
4.Nb1c3 Bf8b4
5.d3 d6
6.Bc1d2 Bc8g4
7.h3 Bg4h5
8.a3 Bb4c5
9.O-O Qd8d7
10.Nc3d5 Nf6xd5
11.Bc4xd5 Nc6d8
12.Bd2e3 Bc5xe3
13.fxe3 O-O
14.c3 c6
15.Bd5a2 c5
16.d4 cxd4
17.exd4 Nd8c6
18.d5 Nc6e7
19.Qd1c2 Ne7c8
20.b4 Nc8e7
21.Nf3h2 Bh5g6
22.c4 Qd7d8
23.Ra1d1 Ra8c8
24.Nh2g4 Qd8b6
25.Kh2 Bg6h5
26.Qc2e2 Ne7g6
27.Ng4f6 gxf6
28.Qe2xh5 Kg7
29.Rd1d3 Qb6d8
30.Rd3f3 Ng6f4
31.Qh5g4 Kh8
32.g3 Rf8g8
33.Qg4h4 Nf4g6
34.Qh4xf6 Qd8xf6
35.Rf3xf6 Rg8g7
36.Rf6xd6 a6
37.Rd6d7 f6
38.Rd7d6 h6
39.Rf1xf6 Kg8
40.Rf6xg6 h5
41.Rg6xg7 Kxg7
 { time }
0-1

[Event "Tourn. n9903"]
[Site "www.echecsemail.com"]
[Date "2018.09.05"]
[Round "1"]
[White "Alessiov"]
[Black "Bevittsmith"]
[WhiteElo "2260"]
[BlackElo "2220"]
[Result "1-0"]
[Round "1"]
1.e4 e6
2.d4 d5
3.Nb1c3 Bf8b4
4.e5 c5
5.a3 Bb4xc3
6.bxc3 Ng8e7
7.Qd1g4 Qd8c7
8.Qg4xg7 Rh8g8
9.Qg7xh7 cxd4
10.Ng1e2 Nb8c6
11.f4 Bc8d7
12.Qh7d3 dxc3
13.Qd3xc3 Ne7f5
14.Ra1b1 O-O-O
15.Rh1g1 d4
16.Qc3d3 Qc7a5
17.Bc1d2 Qa5a4
18.g3 Nc6a5
19.g4 Bd7c6
20.Rb1b4 { resign }
1-0

[Event "Tourn. n9866"]
[Site "www.echecsemail.com"]
[Date "2018.09.05"]
[Round "1"]
[White "Drawlward"]
[Black "Aniruddhadg"]
[WhiteElo "2670"]
[BlackElo "2540"]
[Result "1/2-1/2"]
[Round "1"]
1.e4 c5
2.Ng1f3 d6
3.Nb1c3 a6
4.g3 e5
5.d3 g6
6.h4 Bc8g4
7.Bf1e2 Nb8c6
8.Nc3d5 Bf8g7
9.c3 h6
10.Nf3d2 Bg4e6
11.a4 Ng8e7
12.Be2f3 Nc6a5
13.h5 g5
14.g4 O-O
15.Nd2f1 Be6d7
16.Nf1e3 Ne7xd5
17.exd5 Qd8c7
18.Bf3e4 c4
19.Ra1a3 Rf8e8
20.Qd1e2 b5
21.axb5 axb5
22.O-O Na5b3
23.Ra3xa8 Re8xa8
24.dxc4 bxc4
25.Be4c2 Nb3a1
26.Bc2b1 Na1b3
27.Rf1d1 Qc7b7
28.Bb1c2 Qb7a6
29.Qe2xc4 Qa6xc4
30.Ne3xc4 Bd7xg4
31.Rd1e1 Ra8b8
32.Nc4xd6 Nb3xc1
33.Re1xc1 Rb8xb2
34.Nd6c4 { draw }
1/2-1/2

[Event "1/8 Finale"]
[Site "www.chess-mail.com"]
[Date "2018.09.05"]
[Round "1"]
[White "Conde7"]
[Black "Szustan"]
[WhiteElo "2810"]
[BlackElo "2580"]
[Result "1-0"]
[Round "1"]
1.a3 e5
2.c4 Ng8f6
3.Nb1c3 d5
4.cxd5 Nf6xd5
5.Ng1f3 Nb8c6
6.Qd1c2 Bf8e7
7.e3 O-O
8.b4 Nd5xc3
9.dxc3 Be7f6
10.Bf1d3 h6
11.Bc1b2 g6
12.O-O Qd8e7
13.c4 Bf6g7
14.b5 Nc6d8
15.a4 c6
16.c5 Rf8e8
17.Nf3d2 f5
18.Rf1d1 Nd8f7
19.e4 f4
20.a5 cxb5
21.Bd3xb5 Re8d8
22.Bb2a3 Bc8e6
23.Bb5c4 Be6xc4
24.Nd2xc4 f3
25.Ra1b1 Qe7e6
26.Rd1xd8 Ra8xd8
27.Rb1xb7 Qe6c6
28.Rb7xf7 Kxf7
29.Qc2b3 Qc6e6
30.c6 Kg8
31.c7 Rd8c8
32.Ba3d6 fxg2
33.Qb3d3 Kh7
34.Qd3d5 Qe6d7
35.Nc4xe5 Bg7xe5
36.Bd6xe5 Rc8xc7
37.Be5xc7 Qd7xc7
38.a6 Qc7c8
39.Qd5b7 { resign }
1-0

[Event "Fast Game"]
[Site "www.echecsemail.com"]
[Date "2018.09.05"]
[Round "1"]
[White "Apdash"]
[Black "Dougbeer"]
[WhiteElo "1880"]
[BlackElo "2080"]
[Result "0-1"]
[Round "1"]
1.e4 e6
2.Ng1f3 d5
3.exd5 exd5
4.d4 Bc8g4
5.c4 Bf8b4
6.Bc1d2 Qd8e7
7.Qd1e2 Nb8c6
8.Qe2xe7 Ng8xe7
9.cxd5 Ne7xd5
10.Bf1b5 Bg4xf3
11.Bb5xc6 bxc6
12.gxf3 O-O-O
13.Nb1c3 Rh8e8
14.Kd1 Nd5f4
15.Bd2e3 Nf4e6
16.Nc3e2 c5
17.a3 cxd4
18.Be3d2 Bb4xd2
19.Kxd2 d3
20.Ne2c3 Ne6g5
21.f4 Ng5f3
22.Kd1 Re8e7
23.Kc1 Re7e1
24.Rh1xe1 d2
25.Kc2 dxe1Q
26.Ra1xe1 Nf3xe1
27.Kb3 Ne1d3
28.Nc3b5 Kb7
{ resign }
0-1

[Event "Tourn. n9721"]
[Site "www.chess-mail.com"]
[Date "2018.09.06"]
[Round "1"]
[White "Ditto"]
[Black "Osopanda"]
[WhiteElo "1980"]
[BlackElo "1910"]
[Result "1/2-1/2"]
[Round "1"]
1.e4 c5
2.Nb1c3 d6
3.Bf1c4 e6
4.d3 g6
5.Ng1f3 Nb8c6
6.Qd1e2 Bf8g7
7.O-O Ng8e7
8.Bc1g5 a6
9.a4 O-O
10.Qe2d2 Nc6d4
11.Nf3xd4 cxd4
12.Nc3e2 Qd8c7
13.Ne2xd4 d5
14.exd5 exd5
15.Bc4b3 Ne7f5
16.Nd4f3 Bc8e6
17.Bg5f4 Qc7d8
18.c3 Ra8c8
19.Bb3c2 d4
20.Bf4g5 Qd8b6
21.Ra1b1 dxc3
22.bxc3 Qb6c6
23.c4 f6
24.Bg5f4 Nf5d4
25.Nf3xd4 Qc6d7
26.Rf1e1 Rf8e8
27.Bf4e3 Be6f7
28.Nd4b3 b5
29.axb5 axb5
30.Nb3c5 Qd7g4
31.Nc5e4 bxc4
32.dxc4 Rc8xc4
33.Ne4d6 Rc4xc2
34.Qd2xc2 Bf7d5
35.f3 Bd5xf3
36.Qc2a2 Re8e6
37.Nd6c4 h5
38.Qa2f2 Bf3e4
39.Rb1b8 Kh7
40.g3 Re6c6
41.Nc4d2 Be4d5
42.Nd2f1 Qg4e4
43.Qf2d2 Rc6c2
44.Be3f4 Qe4h1
45.Kf2 Qh1g2
46.Ke3 Rc2xd2
47.Nf1xd2 g5
48.Bf4d6 f5
49.Rb8b5 f4
50.gxf4 gxf4
51.Bd6xf4 Bg7c3
52.Re1e2 Qg2g1
53.Kd3 Bc3xd2
54.Kxd2 Bd5c4
55.Re2e7 Kg6
56.Rb5g5 Qg1xg5
57.Bf4xg5 Kxg5
58.Re7e4 Bc4f7
59.Ke3 h4
60.Re4f4 Bf7h5
61.h3 Bh5g6
62.Rf4g4 Kh5
63.Kf4 Bg6c2
64.Rg4g5 Kh6
65.Kg4 Bc2d1
66.Kxh4 Bd1e2
67.Rg5a5 Kg6
68.Kg3 Be2d1
69.h4 Kh6
70.Kf4 Kg6
71.Ra5g5 Kh6
72.Kf5 Bd1c2
73.Kf6 Bc2d3
74.Rg5g8 Kh5
75.Rg8g5 Kxh4
76.Rg5g1 Bd3c2
77.Ke5 Kh5
78.Kf4 Kh6
79.Rg1g3 Bc2b1
80.Ke5 Bb1c2
81.Kf6 Kh5
82.Rg3g5 Kh4
83.Rg5g1 Bc2e4
84.Rg1g8 Be4d3
85.Rg8g1 { draw }
1/2-1/2